লোডিং...

Summing up pattern of growth of states

গ্রন্থ-পঞ্জীর বিবরন
সংস্থা লেখক: National Council of Applied Economic Research
বিন্যাস: Printed Book
ভাষা:English
প্রকাশিত: New Delhi National council of applied economic 1965
মালা:Occasional paper No.12 Growth of states
বিষয়গুলি:
LEADER 00622nam a22001697a 4500
005 20151215125209.0
008 091110t xxu||||| |||| 00| 0 eng d
082 |a 338.954  |b NCA 
110 |a National Council of Applied Economic Research  |9 5782 
245 |a Summing up pattern of growth of states 
300 |a viii, 41p 
490 |a Occasional paper No.12 Growth of states 
653 |a viii, 41p. 
942 |c BK  |6 _ 
260 |a New Delhi  |b National council of applied economic   |c 1965 
999 |c 99171  |d 99171 
952 |0 0  |1 0  |2 ddc  |4 0  |6 338954_NCA  |7 0  |9 124983  |a SMS  |b SMS  |c GEN  |d 2009-11-10  |o 338.954 NCA  |p SMS000922  |r 2009-11-10  |w 2009-11-10  |y BK